Spatial distribution of roots and nutrients in soil under rubber plantations in Tripura (Record no. 47101)

MARC details
000 -LEADER
fixed length control field 01356nam a2200301Ia 4500
100 ## - MAIN ENTRY--AUTHOR NAME
Personal name Philip Varghese
245 #0 - TITLE STATEMENT
Title Spatial distribution of roots and nutrients in soil under rubber plantations in Tripura
260 ## - PUBLICATION, DISTRIBUTION, ETC. (IMPRINT)
Name of publisher Indian Journal of Natural Rubber Research
Year of publication 1996
300 ## - PHYSICAL DESCRIPTION
Number of Pages 106-111
520 ## - SUMMARY, ETC.
Summary, etc Spatial distribution of roots and nutrients in the horizontal and vertical planes was assessed in a five year old rubber plantation in Tripura, India. Root concentration was seen in the top 18 cm layer. Horizontally the roots were found upto 200 cm away from the plant base. Nutrient concentrations were also higher in the top layer than in the lower layers. There was a positive correlation between available phosphorus and fine root concentration suggesting influence of phosphorus in root development.
650 ## - SUBJECT ADDED ENTRY--TOPICAL TERM
Topical Term Available nutrients
650 ## - SUBJECT ADDED ENTRY--TOPICAL TERM
Topical Term Available nutrients
650 ## - SUBJECT ADDED ENTRY--TOPICAL TERM
Topical Term Hevea brasiliensis
650 ## - SUBJECT ADDED ENTRY--TOPICAL TERM
Topical Term Hevea brasiliensis
650 ## - SUBJECT ADDED ENTRY--TOPICAL TERM
Topical Term Root length density
650 ## - SUBJECT ADDED ENTRY--TOPICAL TERM
Topical Term Root length density
650 ## - SUBJECT ADDED ENTRY--TOPICAL TERM
Topical Term Spatial distribution
650 ## - SUBJECT ADDED ENTRY--TOPICAL TERM
Topical Term Spatial distribution
650 ## - SUBJECT ADDED ENTRY--TOPICAL TERM
Topical Term Tripura
650 ## - SUBJECT ADDED ENTRY--TOPICAL TERM
Topical Term Tripura
700 ## - ADDED ENTRY--PERSONAL NAME
Personal name Krishnakumar A K
700 ## - ADDED ENTRY--PERSONAL NAME
Personal name Pothen Jacob
700 ## - ADDED ENTRY--PERSONAL NAME
Personal name Rao D V K N
700 ## - ADDED ENTRY--PERSONAL NAME
Personal name Varghese Mary
700 ## - ADDED ENTRY--PERSONAL NAME
Personal name Vinod K K
942 ## - ADDED ENTRY ELEMENTS (KOHA)
Koha item type Articles
Holdings
Withdrawn status Lost status Damaged status Not for loan Home library Current library Shelving location Date acquired Serial Enumeration / chronology Koha item type
      Articles RRII Library RRII Library Agronomy 20/12/2021 Volume 9, Issue 2 Articles